Get fit, stay well! / (رقم التسجيلة. 21446)

تفاصيل مارك
000 -الفاتح
حقل البيانات ثابتة الطول 00931cam a2200289 a 4500
001 - رقم الضبط
رقم الضبط 17024200
003 - محدد رقم الضبط
رقم الضبط OSt
005 - وقت وتاريخ اخر تعامل مع التسجيلة
رقم الضبط 20150408114013.0
008 - عناصر البيانات ثابتة الطول - معلومات عامة
حقل البيانات ثابتة الطول 111028s20132009maua 000 0 eng
010 ## - رقم ضبط مكتبة الكونجرس
رقم ضبط مكتبة الكونجرس 2011042231
020 ## - الرقم الدولى المعيارى للكتب
الرقم الدولى المعيارى للكتاب 9780321594921
040 ## - مصدر الفهرسة
وكالة الفهرسة الأصلية DLC
وكالة النسخ DLC
وكالة التعديل DLC
042 ## - رمز التحقق
رمز التحقق pcc
050 00 - رقم طلب مكتبة الكونجرس
رقم التصنيف RA781
رقم المادة .H65 2013
082 00 - رقم تصنيف ديوى العشرى
رقم التصنيف 613.7
رقم الطبعة 23
100 1# - المدخل الرئيسى - إسم شخصى
الإسم الشخصى Hopson, Janet L.
9 (RLIN) 10671
245 10 - بيان العنوان
العنوان Get fit, stay well! /
بيان المسئوليه,etc Janet L. Hopson, Rebecca J. Donatelle, Tanya R. Littrell.
250 ## - بيان الطبعة
بيان الطبعة 2nd ed.
260 ## - PUBLICATION, DISTRIBUTION, ETC. (IMPRINT)
مكان الناشر او الموزع Boston :
اسم الناشر او الموزع Pearson Education,
تاريخ النشر أو التوزيع c2013.
300 ## - الوصف المادى
التعداد 1 v. (various pagings) :
تفاصيل ماديه اخرى للوعاء col. ill. ;
أبعاد الوعاء 28 cm.
650 #0 - المدخل الاضافى بالموضوع-مصطلح موضوعى
مصطلح موضوعي أو اسم جغرافي كعنصر مدخل Physical fitness
التقسيم الفرعي الشكلي Textbooks.
9 (RLIN) 10672
650 #0 - المدخل الاضافى بالموضوع-مصطلح موضوعى
مصطلح موضوعي أو اسم جغرافي كعنصر مدخل Health
التقسيم الفرعي الشكلي Textbooks.
9 (RLIN) 10673
700 1# - المدخل الاضافى - اسم شخصى
الإسم الشخصى Donatelle, Rebecca J.,
التواريخ المصاحبة للاسم 1950-
9 (RLIN) 10605
700 1# - المدخل الاضافى - اسم شخصى
الإسم الشخصى Littrell, Tanya R.
9 (RLIN) 10674
942 ## - عناصر المدخل الإضافي( كوها)
مصدر التصنيف او مخطط الترفيف Dewey Decimal Classification
Koha [default] item type كتاب
المقتنيات
حالة الفقد نموذج السعر الفعال حالة تلف ليس للاعارة رقم الطلب تاريخ الاكتساب الموقع الحالي الباركود الفرع الرئيسي Date last seen نوع المادة فى نظام كوها مصدر التصنيف او خطة الترفيف Total Checkouts
  2013-03-10     613.7 H J G 2012-05-14 مكتبة كلية العلوم الطبية التطبيقية بالمجمعة - طالبات (AMF) 00087018 مكتبة كلية العلوم الطبية التطبيقية بالمجمعة - طالبات (AMF) 2013-03-10 كتاب Dewey Decimal Classification  
  2013-03-10     613.7 H J G 2012-05-14 مكتبة كلية العلوم الطبية التطبيقية بالمجمعة - طالبات (AMF) 00087020 مكتبة كلية العلوم الطبية التطبيقية بالمجمعة - طالبات (AMF) 2013-03-10 كتاب Dewey Decimal Classification  
  2013-03-10     613.7 H J G 2012-04-11 مكتبة مجمع الطالبات بالمجمعة (EMF) 00076740 مكتبة مجمع الطالبات بالمجمعة (EMF) 2013-03-10 كتاب Dewey Decimal Classification  
  2013-03-10     613.7 H J G 2012-04-11 مكتبة مجمع الطالبات بالمجمعة (EMF) 00076741 مكتبة مجمع الطالبات بالمجمعة (EMF) 2013-03-10 كتاب Dewey Decimal Classification